000 01785nam a22002538a 4500
005 20080923161149.0
008 080523r20082007meu d 000 0 eng
010 _aB-269670-674, B-284173
020 _a9781840384154
_c550.00
035 _aB-269670-674, B-284173
040 _adpl
_bEnglish
082 _a929.9
245 _aThe world encyclopedia of flags:
_bthe definitive guide to international flags, banners, standards and ensigns / /
_cby Alfred Znamierowski
260 _aLondon
_bHermes House
_c2007
300 _a256p.
_c30cm (pbk)
_bcol. photos
942 _2ddc
_cEN
_h929.9
_mWOR
999 _c16037
_d16037